000
00302nam a22001337a 4500
008
190205b xxu||||| |||| 00| 0 eng d
020
_a
9780673524843
041
_a
eng
080
_2
6th
_a
371
100
_a
46
101
_a
EDU
245
_a
The Little, Brown Handbook
_c
Fowler,H.R
942
_2
udc
_c
BK
999
_c
54066
_d
54066